Quizzes
Events
Quiz Creation
Community
Videos
Private Events
Remove Ads
Sign In
Join for FREE
Feedback
Dark Mode
Quiz Categories
Sports
Geography
Music
Movies
Television
Just For Fun
Miscellaneous
History
Literature
Language
Science
Gaming
Entertainment
Religion
Holiday
For Kids
Quiz Lab
Recent
Popular Today
Quiz Kudos Today
Editor Picks
Curator Picks
Quizzes by...
Day
Popularity
Type
Ratings
Length
Year
Community
Subscriptions
Recent Discussions
Orange Saloon
Badges
Playlists
Quests
Create
Leaderboards
Showdown
Live 5
Trivia Bingo
Activity
Puzzle Library
Sporcle Events
Private Events
Virtual Trivia
Globe League
Become a Host
Pub Owners
SporcleCon
Opinionation
Our Games
Videos
Blog
Mobile Apps
Partnerships
Remove Ads and Go Orange
Feedback
Entertainment
Celebrity
Famous
Musical
Broadway
Show
Quote
Comic Books
Anime
Superhero
DC Comics
Marvel
Cartoons
Animation
Entertainment
Celebrity
Famous
Musical
Broadway
Show
Quote
Comic Books
Anime
Superhero
DC Comics
Marvel
Cartoons
Animation
Random Quiz
Search Sporcle
×
Quiz Lab
Quiz Lab
Entertainment
cbs
Type in answers that appear in a list
Type in answers that appear in a list
Classic
Best Score? Go Orange.
2015 Fall Network TV Schedule Stats
Can you name the 2015 Fall Network TV Schedule?
By
Brandyn
12m
82 Questions
542 Plays
542 Plays
542 Plays
Comments
Comments
Give Quiz Kudos
Give Quiz Kudos
-
- Ratings
hide this ad
Replay
Link that replays current quiz
Next Quiz
Link to next quiz in quiz playlist
You Got
0%
They Got
Avg Score
43%
Avg Friend Score
Upgrade to see
Score Distribution
Jump to the score distribution portion of the page
Score
0/82
Timer
12:00
0
Plays Today
Hint
Answer
% Correct
Monday-
ABC
Dancing with the Stars
88%
Monday-
CBS
Big Bang Theory
82.6%
Monday-
ABC
Castle
76.9%
Tuesday-
CBS
NCIS
75%
Monday-
CBS
NCIS: Los Angeles
67.4%
Monday-
Fox
Gotham
60.9%
Monday-
NBC
The Voice
60.6%
Tuesday-
NBC
The Voice
60.6%
Monday-
CBS
Scorpion
59.1%
Wednesday-
ABC
Modern Family
56.3%
Monday-
CBS
LIFE IN PIECES
54.6%
Monday-
The CW
Jane the Virgin
54.4%
Thursday-
ABC
Greys Anatomy
52.6%
Sunday-
Fox
Simpsons
52.6%
Tuesday-
The CW
The Flash
52%
Tuesday-
ABC
Fresh Off the Boat
51.7%
Wednesday-
ABC
The Middle
51.7%
Sunday-
Fox
Family Guy
51.3%
Wednesday-
The CW
Arrow
51.1%
Tuesday-
CBS
NCIS: New Orleans
50.9%
Thursday-
ABC
Scandal
50.9%
Thursday-
CBS
NFL Thursday Night Football
49.4%
Wednesday-
ABC
Black-ish
48.9%
Wednesday-
NBC
Law and Order: SVU
48.7%
Thursday-
ABC
How to Get Away With Murder
48.3%
Tuesday-
ABC
Agents of S.H.I.E.L.D.
48.1%
Wednesday-
ABC
The Goldbergs
48%
Sunday-
NBC
NBC Sunday Night Football
47.8%
Hint
Answer
% Correct
Sunday-
Fox
Bobs Burgers
47.2%
Wednesday-
The CW
Supernatural
46.7%
Wednesday-
CBS
Criminal Minds
46.5%
Monday-
NBC
BLINDSPOT
46.3%
Wednesday-
CBS
Survivor
45.9%
Sunday-
ABC
Once Upon a Time
45%
Sunday-
CBS
60 Minutes
45%
Monday-
The CW
CRAZY EX-GIRLFRIEND
44.6%
Thursday-
The CW
The Vampire Diaries
44.4%
Sunday-
Fox
Brooklyn Nine-Nine
43.7%
Tuesday-
ABC
THE MUPPETS
43.5%
Wednesday-
NBC
Chicago P.D.
43.3%
Friday-
ABC
Last Man Standing
41.9%
Friday-
ABC
20/20
41.7%
Sunday-
CBS
Good Wife
41.7%
Monday-
Fox
MINORITY REPORT
40.7%
Tuesday-
NBC
CHICAGO MED
40.4%
Thursday-
NBC
The Blacklist
40.2%
Thursday-
Fox
Bones
40%
Sunday-
CBS
CSI: Cyber
39.8%
Friday-
CBS
The Amazing Race
39.3%
Friday-
CBS
Blue Bloods
39.1%
Thursday-
The CW
The Originals
38%
Friday-
NBC
Dateline
38%
Wednesday-
Fox
Empire
37.8%
Tuesday-
The CW
iZombie
37.2%
Friday-
CBS
Hawaii Five-0
37.2%
Sunday-
CBS
Madam Secretary
37%
Hint
Answer
% Correct
Wednesday-
ABC
Nashville
36.9%
Tuesday-
Fox
GRANDFATHERED
36.3%
Friday-
NBC
Grimm
36.3%
Friday-
ABC
Shark Tank
36.1%
Tuesday-
Fox
THE GRINDER
35.7%
Tuesday-
Fox
SCREAM QUEENS
35.7%
Tuesday-
CBS
LIMITLESS
34.3%
Wednesday-
NBC
Mysteries of Laura
34.1%
Sunday-
ABC
QUANTICO
33.9%
Thursday-
Fox
Sleepy Hollow
33.7%
Sunday-
ABC
Americas Funniest Home Videos
33.7%
Sunday-
Fox
The Last Man on Earth
33.5%
Friday-
ABC
DR. KEN
32.6%
Friday-
The CW
America's Next Top Model
32.2%
Tuesday-
ABC
WICKED CITY
31.1%
Sunday-
ABC
BLOOD AND OIL
29.8%
Friday-
The CW
Reign
29.3%
Tuesday-
NBC
BEST TIME EVER WITH NEIL PATRICK HARRIS
27.8%
Wednesday-
Fox
ROSEWOOD
27.8%
Wednesday-
CBS
CODE BLACK
27%
Thursday-
NBC
HEROES REBORN
26.9%
Friday-
NBC
Undateable
26.5%
Friday-
Fox
MasterChef Junior
24.3%
Thursday-
NBC
THE PLAYER
21.5%
Friday-
Fox
World's Funniest Fails
15.6%
Friday-
NBC
PEOPLE ARE TALKING
15%
Quiz Playlist
Details
Report
Send in Message
Add To Playlist
Classic:
Type in answers that appear in a list
Quiz Source
Last Updated: Feb 16, 2017
Quiz Scoreboard
CHALLENGE
Sign Up to Join the Scoreboard
Show All
Scores
Hide
Comments
May contain spoilers
Recently Published
Popular People in 1961
by mucciniale
History
6m
1-10 Letter E Words III
by El_Dandy
Language
2m
One Thing in Common: World Cities II
by knightlancer
Geography
7m
More to Explore
Quiz From the Vault
Featured Blog Post
Where Did the Easter Bunny Come From?
hide this ad
You Might Also Like...
Tags
ABC
cbs
Fox Television
NBC
Schedule
Today's Top Quizzes in Entertainment
Browse Entertainment
hide this ad
Today's Top Quizzes in cbs
Browse cbs
Top Contributed Quizzes in Entertainment
1
Kamen Rider Motifs
2
Dragon Ball Z: Goku's Fights in Order
3
Dragon Ball Z: Mega Character Search
4
One Piece Arcs By Order III
5
Survivor Winners Logic Quiz
6
Undead Unluck Minefield
7
Criteria Quickie: Cartoon Taxonomy II
8
Marvel Characters Bunker
9
Who Wants to Be a Millionaire: Anime Edition
10
Demon Slayer 11-1
Explore More
Trending Topics
Anime
Kpop
Disney
Crossword
Marvel
NBA
Harry Potter
WWE
NFL
Song
Puzzle
Pokémon
Country
The Office
Soccer
hide this ad
More By:
Brandyn
Quiz
Plays
Rating
Category
Featured
Created
2015 Fall Network TV Schedule
542
5.00
Entertainment
May 31, 2015
NBC Must See TV (1981-2014)
511
3.20
Television
Oct 3, 2011
US Fall 2014 TV Schedule
485
Television
Jun 19, 2014
Go to Creator's Profile
Score Distribution
Quiz Creator Spotlight
Brandyn
Follow
Send a Message
Quizzes Created
-
Created Quiz Play Count
-
More By This Creator
Popular Quizzes Today
1
Find the US States - No Outlines Minefield
2
Find the Countries of Europe - No Outlines Minefield
3
The Countries of the World
4
Popular People in 1961
5
1-10 Letter E Words III
6
Find the US States
7
One Thing in Common: World Cities II
8
US States
More Entertainment Quizzes
Pick up the Correct Anime Characters!
Quiz Lab
Trending Quizzes
Risky Map Clicking: Least Populous States A-Z
1-10 Letter F Words
1-10 Letter G Words
One Thing in Common: United Kingdom
Risky Map Clicking: Next State Alphabetically
Recently Updated
Leaping Animals
pecheneg
Reality TV Shows (A-Z)
bhenderson79
Rickey Henderson's Hall of Fame Teammates
pecheneg
Champions League XIs: Arsenal
pecheneg
Quick Pick: Celebrities in WWE's Hall of Fame
aduchscher
A-Z Keypad Blitz II
pecheneg
Multiple Oscar Actors
pecheneg
Mystery Phrase Blitz: Oscar 'Best Actors'
pecheneg
F. Scott Fitzgerald Novels
LTH
Pick 3 Villains
ddd62291
Trending Topics
Anime
Kpop
Crossword
Harry Potter
NBA
Disney
Marvel
Soccer
The Office
WWE
Puzzle
NFL
Pokémon
Country
Song
Your Account Isn't Verified!
In order to create a playlist on Sporcle, you need to verify the email address you used during registration. Go to your
Sporcle Settings
to finish the process.
Report this User
Report this user for behavior that violates our
Community Guidelines
.
Details:
Send Report
Go to the Sporcle.com Mobile Site →
Comments